| 000 | 01444nam a2200301 a 4500 | ||
|---|---|---|---|
| 001 | 72301 | ||
| 003 | BD-RjUL | ||
| 005 | 20211209082238.0 | ||
| 008 | 170516s1964 nyua b 100 0 eng d | ||
| 035 | _a(BD-RjUL)72518 | ||
| 040 |
_aYNG _cYNG _dOCL _dBD-RjUL _beng |
||
| 041 | _aeng | ||
| 082 |
_223 _a551.48 _bUNM 1964 |
||
| 110 |
_aUnited Nations, Economic Commission for Asia and the Far East _9213804 |
||
| 111 | 2 |
_aInter-Regional Seminar on Methods of Hydrological Forecasting for the Utilization of Water Resources _d(1964 : _cBangkok, Thailand) _9213805 |
|
| 245 | 1 | 0 |
_aMethods of hydrological forecasting for the utilization of water resources : _b(Transactions of the Inter-regional Seminar on Methods of Hydrological Forecasting for the Utilization of Water Resources, held at Bangkok, Thailand, from 4-17 August, 1964) |
| 260 |
_aHong Kong : _bUnited Nations, _c1964. |
||
| 300 |
_aix, 167 p. : _bill. ; _c28 cm. |
||
| 490 | 1 |
_aWater Resources series, _vno. 27 |
|
| 500 | _aConvened by the Economic Commission for Asia and the Far East and the World Meteorological Organization. | ||
| 650 | 0 |
_aHydrology _9213798 |
|
| 650 | 0 |
_aHydrological forecasting _9213799 |
|
| 650 | 0 |
_aWater resources development. _9213800 |
|
| 710 | 2 |
_aUnited Nations. _bEconomic Commission for Asia and the Far East. _9213801 |
|
| 710 | 2 |
_aWorld Meteorological Organization. _9213802 |
|
| 830 | 0 |
_aWater resources series, _vno. 27 _9134468 |
|
| 942 |
_2ddc _cBK |
||
| 999 |
_c72301 _d72301 |
||